[Event "St.Petersburg Rapid 2014"]
[Site "St Petersburg RUS"]
[Date "2014.08.31"]
[Round "8.6"]
[White "Yemelin, Vasily"]
[Black "Matlakov, Maxim"]
[Result "1/2-1/2"]
[WhiteTitle "GM"]
[BlackTitle "GM"]
[WhiteElo "2573"]
[BlackElo "2685"]
[WhiteFideId "4113217"]
[BlackFideId "4168003"]
[EventDate "2014.08.30"]

1. e4 e5 2. Nf3 Nc6 3. Bb5 Nf6 4. d3 Bc5 5. Bxc6 dxc6 6. Nbd2 O-O 7. Nc4 Nd7 8.
Be3 Bd6 9. O-O Re8 10. a4 Bf8 11. h3 c5 12. Kh1 f6 13. Ng1 Nb8 14. Ne2 Be6 15.
b3 Nc6 16. f4 exf4 17. Nxf4 Bf7 18. Qg4 Nd4 19. Bxd4 Qxd4 20. Rae1 Kh8 21. h4
Rad8 22. h5 Qd7 23. Qh4 Bxc4 24. bxc4 Bd6 25. a5 Bxf4 26. Rxf4 h6 27. Rf5 b6 28.
Qf4 Re6 29. axb6 axb6 30. Ra1 Rde8 31. Ra7 Re5 32. g4 Kh7 33. Kg2 R8e7 34. Kh3 1/2-1/2

[Event "St.Petersburg Rapid 2014"]
[Site "St Petersburg RUS"]
[Date "2014.08.31"]
[Round "8.7"]
[White "Lysyj, Igor"]
[Black "Goganov, Aleksey"]
[Result "0-1"]
[WhiteTitle "GM"]
[BlackTitle "GM"]
[WhiteElo "2683"]
[BlackElo "2604"]
[WhiteFideId "4150120"]
[BlackFideId "24109959"]
[EventDate "2014.08.30"]

1. d4 Nf6 2. c4 g6 3. Nc3 Bg7 4. e4 O-O 5. Nf3 d6 6. Be2 e5 7. O-O Nc6 8. d5 Ne7
9. Qc2 a5 10. Rd1 Nd7 11. Be3 h6 12. Ne1 f5 13. f3 f4 14. Bf2 g5 15. a3 h5 16.
b4 Nf6 17. c5 Ng6 18. Nb5 Rf7 19. cxd6 cxd6 20. Rac1 Ne8 21. h3 Bh6 22. Rd3 g4
23. hxg4 hxg4 24. Kf1 Bd7 25. Rc3 axb4 26. axb4 Bg5 27. Nc7 Rh7 28. Nxa8 Rh1+
29. Bg1 Qxa8 30. fxg4 Qa7 31. Nf3 Bxg4 32. Rc8 Bxf3 33. Rxe8+ Kg7 34. Qc7+ Kh6 0-1

[Event "St.Petersburg Rapid 2014"]
[Site "St Petersburg RUS"]
[Date "2014.08.31"]
[Round "8.8"]
[White "Lintchevski, Daniil"]
[Black "Khalifman, Alexander"]
[Result "1/2-1/2"]
[WhiteTitle "GM"]
[BlackTitle "GM"]
[WhiteElo "2555"]
[BlackElo "2621"]
[WhiteFideId "4171055"]
[BlackFideId "4100115"]
[EventDate "2014.08.30"]

1. Nf3 g6 2. e4 c5 3. c3 d5 4. e5 Nc6 5. d4 Bg4 6. Bb5 Qb6 7. Bxc6+ Qxc6 8. O-O
e6 9. Be3 Ne7 10. Nbd2 Nf5 11. h3 Nxe3 12. fxe3 Bf5 13. Qe2 h5 14. Ng5 Be7 15.
Ndf3 h4 16. Rae1 Rh5 17. e4 Bxg5 18. exf5 gxf5 19. Nxg5 Rxg5 20. Rf4 O-O-O 21.
Rxh4 Rdg8 22. Rf4 Qb6 23. h4 Rg4 24. Ref1 Qd8 25. Rxg4 Rxg4 26. dxc5 Rxh4 27.
Rf3 Re4 28. Re3 Qg5 29. Rxe4 fxe4 30. Qb5 Qc1+ 31. Kh2 Qf4+ 32. Kg1 Kc7 33. Qa5+
Kc6 34. Qa4+ Kc7 35. Qa5+ Kc6 36. Qa4+ Kc7 37. Qa5+ Kc8 38. Qxa7 Qc1+ 39. Kh2
Qxb2 40. Qa8+ Kc7 41. Qf8 Qf2 42. Qd6+ Kc8 43. Qf8+ Kc7 44. Qd6+ Kc8 45. Qf8+
Kc7 1/2-1/2

[Event "St.Petersburg Rapid 2014"]
[Site "St Petersburg RUS"]
[Date "2014.08.31"]
[Round "8.9"]
[White "Simonian, Hrair"]
[Black "Kovalenko, Igor"]
[Result "0-1"]
[WhiteTitle "GM"]
[BlackTitle "GM"]
[WhiteElo "2445"]
[BlackElo "2650"]
[WhiteFideId "13302337"]
[BlackFideId "14117908"]
[EventDate "2014.08.30"]

1. e4 c5 2. Nc3 e6 3. Nf3 Nc6 4. Bb5 Na5 5. O-O a6 6. Be2 b5 7. d4 cxd4 8. Nxd4
Bb7 9. Bf3 Ne7 10. Re1 Ng6 11. g3 Bb4 12. a4 bxa4 13. Rxa4 Bxc3 14. bxc3 O-O 15.
Ba3 Re8 16. e5 Bxf3 17. Qxf3 Rc8 18. Bd6 Nc4 19. Rxa6 Qg5 20. Qe4 Qd2 21. Nf3
Qxc3 22. Qd3 Nxd6 23. Rxd6 Nf8 24. Re2 Qa1+ 25. Kg2 Rc3 26. Qd4 Rec8 27. Re3 Qa3
28. Rxc3 Rxc3 29. Ra6 Qxa6 30. Qxc3 Qa8 31. Kg1 h6 32. h4 Ng6 33. Qd3 Qa1+ 34.
Kh2 Qa4 35. c4 Ne7 36. Qd6 Nf5 37. Qd3 Qa7 38. Kg2 Qb7 39. Kh2 Qc7 40. Qe4 Qa7
41. Kg2 Qa3 42. Nd4 Ne7 43. Qb7 Qa4 44. Nb5 Nc6 45. Qxd7 Nxe5 46. Qc8+ Kh7 47.
Qc7 Qa8+ 48. Kh2 Qe4 49. Qc5 Nf3+ 50. Kh3 f5 51. Qe3 Qg4+ 52. Kg2 Nxh4+ 53. Kf1
Qxc4+ 0-1

[Event "St.Petersburg Rapid 2014"]
[Site "St Petersburg RUS"]
[Date "2014.08.31"]
[Round "8.10"]
[White "Dreev, Aleksey"]
[Black "Savchenko, Boris"]
[Result "0-1"]
[WhiteTitle "GM"]
[BlackTitle "GM"]
[WhiteElo "2662"]
[BlackElo "2596"]
[WhiteFideId "4100107"]
[BlackFideId "4147332"]
[EventDate "2014.08.30"]

1. d4 e6 2. c4 b6 3. Nf3 Bb7 4. g3 Bb4+ 5. Bd2 Bxf3 6. exf3 Nc6 7. Bg2 Bxd2+ 8.
Qxd2 d5 9. f4 Nge7 10. cxd5 Nxd5 11. Nc3 Nce7 12. O-O c6 13. Ne4 Qd7 14. Ng5 O-O
15. Rfd1 Rfd8 16. Rac1 Rac8 17. Nf3 Rc7 18. Ne5 Qc8 19. Qe2 c5 20. dxc5 Rxc5 21.
Rxc5 Qxc5 22. Be4 g6 23. a3 Qc7 24. Qd2 Rc8 25. h4 Nf6 26. Bf3 Qc2 27. Nc6 Rxc6
28. Qd8+ Kg7 29. Qxe7 Ne4 30. Rf1 a5 31. h5 gxh5 32. f5 exf5 33. Bxh5 Rf6 34.
Qe5 Qc5 35. Qxc5 Nxc5 36. Rd1 f4 37. b4 Ne4 38. Rd4 Ng5 39. Bg4 fxg3 40. fxg3
Nf3+ 41. Bxf3 Rxf3 42. Rg4+ Kf6 43. bxa5 bxa5 44. a4 h5 45. Rg8 Ra3 46. Kg2 Rxa4
47. Rh8 Kg6 48. Rg8+ Kh7 49. Rg5 Kh6 50. Rb5 Ra1 51. Rb6+ Kg5 52. Rc6 a4 53.
Rc5+ f5 54. Rc8 a3 0-1

[Event "St.Petersburg Rapid 2014"]
[Site "St Petersburg RUS"]
[Date "2014.08.31"]
[Round "8.11"]
[White "Belousov, Danila"]
[Black "Shirov, Alexei"]
[Result "1/2-1/2"]
[WhiteTitle "FM"]
[BlackTitle "GM"]
[WhiteElo "2314"]
[BlackElo "2709"]
[WhiteFideId "4167350"]
[BlackFideId "2209390"]
[EventDate "2014.08.30"]

1. e4 c5 2. Nf3 Nc6 3. Bb5 e6 4. O-O Nge7 5. Re1 a6 6. Bxc6 Nxc6 7. d4 cxd4 8.
Nxd4 Qc7 9. Nc3 Bd6 10. Nxc6 dxc6 11. Qh5 e5 12. Be3 b5 13. Rad1 O-O 14. Rd3 Be6
15. h3 Bc4 16. Rd2 Bb4 17. Red1 Be6 18. a3 Bxc3 19. bxc3 f6 20. Rd6 Rfe8 21. Bc5
Rad8 22. Kh2 Qc8 23. R1d2 Rxd6 24. Rxd6 Rd8 25. Qd1 Rxd6 26. Qxd6 h5 27. f4 exf4
28. Qxf4 Qd7 29. Qd6 Qxd6+ 30. Bxd6 Ba2 31. Kg3 Kf7 32. Kf4 Bb1 33. h4 Bxc2 34.
g3 Ke6 35. Bc5 f5 36. exf5+ Bxf5 37. Bd4 g6 38. Ke3 Kd5 39. Kd2 c5 40. Be3 Kc4
41. Bf2 a5 42. Be3 a4 43. Bf2 b4 44. cxb4 cxb4 45. axb4 a3 46. Kc1 Kc3 47. Be1+
Kb3 48. Bf2 1/2-1/2

[Event "St.Petersburg Rapid 2014"]
[Site "St Petersburg RUS"]
[Date "2014.08.31"]
[Round "8.12"]
[White "Sadovsky, Artem"]
[Black "Alekseev, Evgeny"]
[Result "0-1"]
[BlackTitle "GM"]
[WhiteElo "2241"]
[BlackElo "2675"]
[WhiteFideId "4155840"]
[BlackFideId "4138147"]
[EventDate "2014.08.30"]

1. Nf3 c5 2. g3 Nc6 3. Bg2 g6 4. O-O Bg7 5. c3 e5 6. d4 cxd4 7. cxd4 e4 8. Ne5
d5 9. Nc3 Nge7 10. Nxc6 bxc6 11. b3 O-O 12. Ba3 Re8 13. e3 h5 14. Rc1 Bg4 15.
Qd2 Qd7 16. Na4 Bf3 17. Bxe7 Rxe7 18. Nc5 Qf5 19. Na6 Rc8 20. h3 Re6 21. Nb4 Bf8
22. Nc2 Bd6 23. Ne1 Bxg2 24. Kxg2 h4 25. g4 Qg5 26. f4 exf3+ 27. Nxf3 Qxe3 28.
Qxe3 Rxe3 29. Rfe1 Re4 30. Rxe4 dxe4 31. Ne5 Bxe5 32. dxe5 Rd8 33. Kf2 Rd3 34.
Rxc6 Rxh3 35. e6 Kf8 36. Rc8+ Ke7 37. exf7 Kxf7 38. Rc4 e3+ 39. Ke2 Kf6 40. Rc5
Rg3 41. a4 h3 42. g5+ Rxg5 43. Rc1 Rg2+ 44. Kxe3 g5 45. Rc6+ Kf5 46. Rc5+ Kg4
47. Rc4+ Kg3 0-1

[Event "St.Petersburg Rapid 2014"]
[Site "St Petersburg RUS"]
[Date "2014.08.31"]
[Round "9.1"]
[White "Goganov, Aleksey"]
[Black "Morozevich, Alexander"]
[Result "1/2-1/2"]
[WhiteTitle "GM"]
[BlackTitle "GM"]
[WhiteElo "2604"]
[BlackElo "2731"]
[WhiteFideId "24109959"]
[BlackFideId "4116992"]
[EventDate "2014.08.30"]

1. c4 e5 2. Nc3 Nf6 3. Nf3 Nc6 4. g3 g6 5. Bg2 Bg7 6. O-O O-O 7. d4 exd4 8. Nxd4
Re8 9. Nxc6 bxc6 10. Qa4 Qe7 11. Bf4 Rb8 12. Qxa7 Rxb2 13. Qxc7 Nh5 14. Bd6 Qe6
15. Ne4 Qxc4 16. Nc5 Rd2 17. Rac1 Qxa2 18. Bf3 h6 19. Rb1 Nf6 20. Rb8 Ba6 21.
Ne4 Rxb8 22. Qxb8+ Kh7 23. Nxd2 Qxd2 24. Bf4 Qc2 25. Qb1 Qc5 26. Qa1 Bb5 27. Be5
Qe7 28. Qd4 Ne8 29. Bxg7 Nxg7 30. Rd1 d5 31. e4 Ne6 32. Qe5 Qg5 33. Qxg5 Nxg5
34. Bg2 Nxe4 1/2-1/2

[Event "St.Petersburg Rapid 2014"]
[Site "St Petersburg RUS"]
[Date "2014.08.31"]
[Round "9.2"]
[White "Zvjaginsev, Vadim"]
[Black "Rublevsky, Sergei"]
[Result "1/2-1/2"]
[WhiteTitle "GM"]
[BlackTitle "GM"]
[WhiteElo "2659"]
[BlackElo "2698"]
[WhiteFideId "4113403"]
[BlackFideId "4115309"]
[EventDate "2014.08.30"]

1. e4 c5 2. Nf3 e6 3. g3 d5 4. exd5 exd5 5. d4 Nf6 6. Bg2 Be7 7. O-O O-O 8. Nc3
Nc6 9. dxc5 Bxc5 10. a3 Re8 11. b4 Bb6 12. Bg5 d4 13. Bxf6 Qxf6 14. Nd5 Qd8 15.
Nxb6 Qxb6 16. b5 Qxb5 17. Nxd4 1/2-1/2

[Event "St.Petersburg Rapid 2014"]
[Site "St Petersburg RUS"]
[Date "2014.08.31"]
[Round "9.3"]
[White "Vitiugov, Nikita"]
[Black "Kovalenko, Igor"]
[Result "0-1"]
[WhiteTitle "GM"]
[BlackTitle "GM"]
[WhiteElo "2742"]
[BlackElo "2650"]
[WhiteFideId "4152956"]
[BlackFideId "14117908"]
[EventDate "2014.08.30"]

1. d4 Nf6 2. c4 g6 3. Nc3 Bg7 4. e4 d6 5. f3 O-O 6. Nge2 c5 7. d5 e6 8. Ng3 h5
9. Bg5 Qb6 10. Qb3 exd5 11. Qxb6 axb6 12. cxd5 Na6 13. Be2 Bd7 14. a3 Nc7 15.
Bf4 Nfe8 16. h4 b5 17. O-O Bd4+ 18. Kh2 Kg7 19. Bd3 Bf6 20. Bg5 Be5 21. Be3 Nf6
22. Bf2 Ra5 23. Rac1 Na6 24. Kg1 b4 25. axb4 Nxb4 26. Bb1 Bb5 27. Rfe1 Re8 28.
Nf1 Nd3 29. Bxd3 Bxd3 30. Bg3 Nd7 31. Red1 Bxf1 32. Bxe5+ Nxe5 33. Rxf1 b5 34.
b3 Rb8 35. Ra1 Rxa1 36. Rxa1 b4 37. Ne2 c4 38. Nd4 cxb3 39. Nxb3 Rc8 40. Ra7 Nd3
41. Rb7 Kf6 42. Nd4 Rc3 43. g3 Rc4 44. Nc6 Rc1+ 45. Kg2 Rc2+ 46. Kg1 Ne1 47. f4
Nf3+ 48. Kf1 Nd2+ 49. Ke2 Nxe4+ 50. Kf3 Nd2+ 51. Ke3 Nf1+ 52. Kf3 Nh2+ 53. Ke4
Rc4+ 54. Kd3 Rc3+ 55. Ke4 Nf1 56. Nxb4 Nxg3+ 57. Kd4 Ne2+ 58. Ke4 Rh3 59. Rd7
Nc3+ 60. Kd4 Nb5+ 61. Kc4 Na3+ 62. Kd4 Rxh4 63. Nd3 Nc2+ 64. Kc3 Ne3 65. Rxd6+ 0-1

[Event "St.Petersburg Rapid 2014"]
[Site "St Petersburg RUS"]
[Date "2014.08.31"]
[Round "9.4"]
[White "Rozum, Ivan"]
[Black "Khairullin, Ildar"]
[Result "0-1"]
[WhiteTitle "IM"]
[BlackTitle "GM"]
[WhiteElo "2552"]
[BlackElo "2638"]
[WhiteFideId "24104272"]
[BlackFideId "4151348"]
[EventDate "2014.08.30"]

1. d4 f5 2. g3 Nf6 3. Bg2 g6 4. Nf3 Bg7 5. O-O O-O 6. b3 d6 7. Bb2 a5 8. c4 c6
9. Nbd2 Qc7 10. Qc2 Na6 11. a3 Re8 12. Rfe1 e5 13. e4 fxe4 14. dxe5 dxe5 15.
Nxe4 Bf5 16. Nfg5 Nc5 17. Qc3 Nfxe4 18. Nxe4 Ne6 19. c5 Nd4 20. Nd6 Rf8 21. Nxf5
gxf5 22. Rad1 Rad8 23. Kh1 e4 24. b4 axb4 25. axb4 Qf7 26. Bf1 Nf3 27. Qxg7+
Qxg7 28. Bc4+ Qf7 29. Bxf7+ Kxf7 30. Rf1 Ke6 31. Kg2 Nd2 32. Rfe1 Rd3 33. Re2
Rfd8 34. g4 f4 35. Kh1 f3 36. Ree1 e3 37. Kg1 Ne4 38. Rxd3 exf2+ 0-1

[Event "St.Petersburg Rapid 2014"]
[Site "St Petersburg RUS"]
[Date "2014.08.31"]
[Round "9.5"]
[White "Moiseenko, Alexander"]
[Black "Aleksandrov, Aleksej"]
[Result "1-0"]
[WhiteTitle "GM"]
[BlackTitle "GM"]
[WhiteElo "2707"]
[BlackElo "2595"]
[WhiteFideId "14102560"]
[BlackFideId "13500139"]
[EventDate "2014.08.30"]

1. d4 d5 2. c4 e6 3. Nc3 Bb4 4. cxd5 exd5 5. Bf4 Ne7 6. e3 c6 7. Nf3 O-O 8. Be2
Bd6 9. Ne5 a5 10. h4 Na6 11. g4 Nc7 12. Qc2 Kh8 13. h5 b5 14. Bd3 f6 15. Ng6+
hxg6 16. hxg6+ Kg8 17. f3 Bxf4 18. exf4 Re8 19. O-O-O Qd6 20. Qh2 Kf8 21. Qh8+
Ng8 22. Qxg7+ 1-0

[Event "St.Petersburg Rapid 2014"]
[Site "St Petersburg RUS"]
[Date "2014.08.31"]
[Round "9.6"]
[White "Matlakov, Maxim"]
[Black "Levin, Evgeny A."]
[Result "1-0"]
[WhiteTitle "GM"]
[BlackTitle "GM"]
[WhiteElo "2685"]
[BlackElo "2507"]
[WhiteFideId "4168003"]
[BlackFideId "4182596"]
[EventDate "2014.08.30"]

1. c4 Nf6 2. g3 e5 3. Bg2 Bc5 4. Nc3 Nc6 5. e3 d6 6. Nge2 a6 7. O-O O-O 8. b3 h6
9. Bb2 Re8 10. Nd5 Ba7 11. f4 Nxd5 12. cxd5 Nb4 13. Qb1 c6 14. Nc3 Rb8 15. dxc6
Nxc6 16. Nd5 Ne7 17. Qd3 Nxd5 18. Bxd5 Be6 19. Bxe6 Rxe6 20. Rac1 Re7 21. Qd5
Bb6 22. Rc4 Qd7 23. fxe5 dxe5 24. Qxd7 Rxd7 25. Bxe5 Re8 26. Bc3 f6 27. Rf5 Ba7
28. Kf2 Re6 29. a4 Kf7 30. Ke2 Kg6 31. g4 Bb8 32. h4 Rb6 33. b4 Rbd6 34. h5+ Kf7
35. b5 Rd5 36. e4 axb5 37. axb5 R5d6 38. d4 Re6 39. Kd3 Bg3 40. d5 Re8 41. b6
Ra8 42. Rf3 Bh2 43. Rf1 Ra6 44. Bd4 Ra3+ 45. Rc3 Ra4 46. Rfc1 Bf4 47. R1c2 Bd6
48. Rc8 Ra3+ 49. R2c3 Ra1 50. Rc1 Ra3+ 51. R1c3 Ra1 52. Bc5 Ke7 53. Rg8 Kf7 54.
Rc8 Ke7 55. Bxd6+ Kxd6 56. R3c7 Ra3+ 57. Kd4 Ra4+ 58. Ke3 1-0

[Event "St.Petersburg Rapid 2014"]
[Site "St Petersburg RUS"]
[Date "2014.08.31"]
[Round "9.7"]
[White "Alekseev, Evgeny"]
[Black "Lintchevski, Daniil"]
[Result "1-0"]
[WhiteTitle "GM"]
[BlackTitle "GM"]
[WhiteElo "2675"]
[BlackElo "2555"]
[WhiteFideId "4138147"]
[BlackFideId "4171055"]
[EventDate "2014.08.30"]

1. e4 e6 2. d4 d5 3. Nc3 Nf6 4. e5 Nfd7 5. f4 c5 6. Nf3 Nc6 7. Be3 cxd4 8. Nxd4
Qb6 9. Be2 Nxd4 10. Bxd4 Bc5 11. Na4 Qa5+ 12. c3 Bxd4 13. Qxd4 O-O 14. O-O a6
15. Bd3 Qc7 16. b4 a5 17. Bb5 Rd8 18. Rac1 b6 19. c4 dxc4 20. Rfd1 Ba6 21. Bxd7
axb4 22. Nxb6 Ra7 23. Qd6 h6 24. Qxc7 Rxc7 25. Rd6 Rb8 26. f5 exf5 27. Nd5 Rc5
28. e6 Bb7 29. Nxb4 fxe6 30. Rb6 Kf8 31. Nc6 1-0

[Event "St.Petersburg Rapid 2014"]
[Site "St Petersburg RUS"]
[Date "2014.08.31"]
[Round "9.8"]
[White "Khalifman, Alexander"]
[Black "Yemelin, Vasily"]
[Result "1/2-1/2"]
[WhiteTitle "GM"]
[BlackTitle "GM"]
[WhiteElo "2621"]
[BlackElo "2573"]
[WhiteFideId "4100115"]
[BlackFideId "4113217"]
[EventDate "2014.08.30"]

1. c4 c5 2. Nf3 Nc6 3. Nc3 e5 4. g3 g6 5. Bg2 Bg7 6. O-O d6 7. a3 a5 8. Ne1 Be6
9. d3 Nge7 10. Nc2 d5 11. cxd5 Nxd5 12. Ne3 Nde7 13. Nc4 O-O 14. Bg5 f6 15. Be3
b6 16. Qa4 Qc7 17. f4 Rad8 18. fxe5 Nxe5 19. Bf4 Nf5 20. Bxe5 fxe5 21. Qb5 Bxc4
22. Qxc4+ Kh8 23. Nd5 Qd6 24. e3 Ne7 25. Rxf8+ Bxf8 26. Nxe7 Bxe7 27. Be4 Bg5
28. Re1 Rf8 29. Qc2 Qf6 30. Qe2 h5 31. h4 Bh6 32. Kg2 Kg7 33. a4 Qe6 34. Rf1
Rxf1 35. Kxf1 Qb3 36. g4 Qf7+ 37. Kg2 hxg4 38. Kg3 Qe6 39. Qxg4 Qxg4+ 40. Kxg4
Bxe3 41. b3 Kf6 42. h5 gxh5+ 43. Kxh5 Ke6 44. Kg4 Kd6 1/2-1/2

[Event "St.Petersburg Rapid 2014"]
[Site "St Petersburg RUS"]
[Date "2014.08.31"]
[Round "9.9"]
[White "Savchenko, Boris"]
[Black "Rodshtein, Maxim"]
[Result "0-1"]
[WhiteTitle "GM"]
[BlackTitle "GM"]
[WhiteElo "2596"]
[BlackElo "2671"]
[WhiteFideId "4147332"]
[BlackFideId "2806851"]
[EventDate "2014.08.30"]

1. e4 c6 2. d4 d5 3. Nc3 dxe4 4. Nxe4 Bf5 5. Ng3 Bg6 6. N3e2 e6 7. Nf4 Nf6 8.
Nxg6 hxg6 9. Nf3 c5 10. c3 cxd4 11. Bb5+ Nbd7 12. Nxd4 a6 13. Be2 Qc7 14. g3 Rd8
15. O-O Bc5 16. Nb3 Bb6 17. Bf4 e5 18. Bg5 Nc5 19. Qc1 Nce4 20. Be3 Qc8 21. h4
Qh3 22. Bxb6 Nxg3 23. Bf3 Rxh4 0-1

[Event "St.Petersburg Rapid 2014"]
[Site "St Petersburg RUS"]
[Date "2014.08.31"]
[Round "9.10"]
[White "Matinian, Nikita"]
[Black "Lysyj, Igor"]
[Result "1/2-1/2"]
[WhiteTitle "IM"]
[BlackTitle "GM"]
[WhiteElo "2469"]
[BlackElo "2683"]
[WhiteFideId "24129100"]
[BlackFideId "4150120"]
[EventDate "2014.08.30"]

1. e4 e5 2. Nf3 Nc6 3. Bb5 Nf6 4. O-O Nxe4 5. d4 Nd6 6. Bxc6 dxc6 7. dxe5 Nf5 8.
Qxd8+ Kxd8 9. Nc3 Ke8 10. h3 Be6 11. b3 Bb4 12. Bb2 Bxc3 13. Bxc3 c5 14. Rad1
Rd8 15. g4 Ne7 16. Rxd8+ Kxd8 17. Ng5 h6 18. Nxe6+ fxe6 19. f4 Rf8 20. Kg2 Kd7
21. Bd2 Kc6 22. c4 a6 23. Be3 b6 24. Kf3 g6 25. Rd1 Rh8 26. Bf2 h5 27. Rg1 hxg4+
28. hxg4 Rh3+ 29. Kg2 Rh8 30. Rh1 Rxh1 31. Kxh1 Kd7 32. Kg2 Nc6 33. Kf3 Nb4 34.
a4 Nc6 35. Ke4 Na5 36. f5 gxf5+ 37. gxf5 exf5+ 38. Kxf5 Nxb3 39. e6+ Ke7 40. Ke5
Nd4 41. Bh4+ Ke8 42. Bf6 Nc6+ 43. Kd5 Nb4+ 44. Ke4 Nc2 45. Kd5 Nb4+ 46. Ke4 c6
47. Ke5 b5 48. cxb5 cxb5 49. axb5 axb5 50. Kd6 Nd3 51. Kc6 b4 52. Kb5 b3 53. Kc4
b2 54. Bxb2 1/2-1/2

[Event "St.Petersburg Rapid 2014"]
[Site "St Petersburg RUS"]
[Date "2014.08.31"]
[Round "9.11"]
[White "Shirov, Alexei"]
[Black "Alekseenko, Kirill"]
[Result "1-0"]
[WhiteTitle "GM"]
[BlackTitle "FM"]
[WhiteElo "2709"]
[BlackElo "2480"]
[WhiteFideId "2209390"]
[BlackFideId "4135539"]
[EventDate "2014.08.30"]

1. e4 c5 2. Nf3 Nc6 3. d4 cxd4 4. Nxd4 Qb6 5. Nb3 Nf6 6. Nc3 e6 7. Qe2 Bb4 8.
Bd2 O-O 9. a3 Be7 10. O-O-O d5 11. exd5 exd5 12. Be3 Qc7 13. h3 Re8 14. g4 Be6
15. Bg2 Rad8 16. Nb5 Qb8 17. Rhe1 Ne4 18. f3 Nf6 19. f4 Ne4 20. f5 Bc8 21. Bxe4
dxe4 22. Qf2 Rxd1+ 23. Rxd1 Bf6 24. Nd6 Rd8 25. Bf4 Qc7 26. Nxe4 Rxd1+ 27. Kxd1
Be5 28. Bxe5 Qxe5 29. Nc3 h5 30. Nd2 hxg4 31. hxg4 g6 32. Nc4 Qe7 33. Nd5 Qd8
34. Ne3 Ne7 35. Qh4 Kf8 36. Qh8+ Ng8 37. f6 Bxg4+ 38. Ke1 Qa5+ 39. b4 1-0

[Event "St.Petersburg Rapid 2014"]
[Site "St Petersburg RUS"]
[Date "2014.08.31"]
[Round "9.12"]
[White "Timofeev, Artyom"]
[Black "Shkapenko, Pavel"]
[Result "1-0"]
[WhiteTitle "GM"]
[BlackTitle "IM"]
[WhiteElo "2601"]
[BlackElo "2421"]
[WhiteFideId "4140419"]
[BlackFideId "4151933"]
[EventDate "2014.08.30"]

1. c4 Nf6 2. Nc3 e6 3. e4 c5 4. Nf3 Nc6 5. Be2 d5 6. cxd5 exd5 7. e5 Ng4 8. Bb5
Be7 9. h3 Nh6 10. d4 Nf5 11. O-O O-O 12. dxc5 Bxc5 13. Qxd5 Qxd5 14. Nxd5 Ncd4
15. Nxd4 Nxd4 16. Be3 Be6 17. Nc7 Rac8 18. Nxe6 fxe6 19. Rac1 Rfd8 20. Rfd1 Nxb5
21. Rxd8+ Rxd8 22. Rxc5 a6 23. a4 Nd4 24. Rc7 b5 25. a5 Nb3 26. Bb6 Rd5 27. Ra7
Rxe5 28. Rxa6 Nd2 29. Be3 Nc4 30. b4 Nxe3 31. fxe3 Re4 32. Kf2 Kf7 33. Rb6 Rxb4
34. Ke2 Rb3 35. Kf3 Kf6 36. Ke4 h5 37. Kd4 h4 38. a6 g5 39. e4 Rb2 40. a7 Ra2
41. Rb7 b4 42. Kc5 Ke5 43. Kxb4 Kf4 44. Kc5 Kg3 45. Rb3+ Kh2 46. Kb6 Kxg2 47.
Kb7 g4 48. hxg4 h3 49. a8=Q 1-0

[Event "St.Petersburg Rapid 2014"]
[Site "St Petersburg RUS"]
[Date "2014.08.31"]
[Round "10.1"]
[White "Morozevich, Alexander"]
[Black "Moiseenko, Alexander"]
[Result "1/2-1/2"]
[WhiteTitle "GM"]
[BlackTitle "GM"]
[WhiteElo "2731"]
[BlackElo "2707"]
[WhiteFideId "4116992"]
[BlackFideId "14102560"]
[EventDate "2014.08.30"]

1. e4 c5 2. Nf3 e6 3. d4 cxd4 4. Nxd4 Nf6 5. Nc3 Nc6 6. Ndb5 d6 7. Bf4 e5 8. Bg5
a6 9. Na3 b5 10. Nd5 Be7 11. Bxf6 Bxf6 12. c4 b4 13. Nc2 O-O 14. g3 Bg5 15. h4
Bh6 16. Bh3 1/2-1/2

[Event "St.Petersburg Rapid 2014"]
[Site "St Petersburg RUS"]
[Date "2014.08.31"]
[Round "10.2"]
[White "Kovalenko, Igor"]
[Black "Matlakov, Maxim"]
[Result "1/2-1/2"]
[WhiteTitle "GM"]
[BlackTitle "GM"]
[WhiteElo "2650"]
[BlackElo "2685"]
[WhiteFideId "14117908"]
[BlackFideId "4168003"]
[EventDate "2014.08.30"]

1. d4 Nf6 2. c4 e6 3. Nf3 d5 4. Nc3 Bb4 5. cxd5 exd5 6. Bg5 h6 7. Bh4 c5 8. e3
c4 9. Be2 g5 10. Bg3 Bf5 11. O-O Nc6 12. Ne5 O-O 13. Nxc6 bxc6 14. Rc1 Bxc3 15.
Rxc3 Ne4 16. Rc1 Qa5 17. Bg4 Bh7 18. b3 c3 19. Bd7 c5 20. dxc5 Qxc5 21. Bg4 Nxg3
22. hxg3 c2 23. Qd2 Rad8 24. b4 Qc4 25. Be2 Qxa2 26. Bd3 Bxd3 27. Qxd3 Rc8 28.
f4 Qc4 29. Qf5 Qe4 30. Qxe4 dxe4 31. Rf2 Rc3 32. Rfxc2 Rxe3 33. Kf2 Rb3 34. Ra1
Ra8 35. Ra4 Kg7 36. fxg5 hxg5 37. g4 a6 38. Rc5 e3+ 39. Ke2 Re8 40. Rxg5+ Kf8
41. Rh5 Re6 42. Rh1 Rb2+ 43. Kf3 Rf2+ 44. Kg3 Rc2 45. Re1 Rc4 46. Ra3 Ree4 47.
Rexe3 Rxg4+ 48. Kh3 Rxb4 1/2-1/2

[Event "St.Petersburg Rapid 2014"]
[Site "St Petersburg RUS"]
[Date "2014.08.31"]
[Round "10.3"]
[White "Khairullin, Ildar"]
[Black "Alekseev, Evgeny"]
[Result "1/2-1/2"]
[WhiteTitle "GM"]
[BlackTitle "GM"]
[WhiteElo "2638"]
[BlackElo "2675"]
[WhiteFideId "4151348"]
[BlackFideId "4138147"]
[EventDate "2014.08.30"]

1. e4 c5 2. Nf3 e6 3. d4 cxd4 4. Nxd4 Nc6 5. Nc3 a6 6. g3 d6 7. Bg2 Bd7 8. O-O
Nf6 9. a4 Be7 10. Nxc6 Bxc6 1/2-1/2

[Event "St.Petersburg Rapid 2014"]
[Site "St Petersburg RUS"]
[Date "2014.08.31"]
[Round "10.4"]
[White "Rublevsky, Sergei"]
[Black "Goganov, Aleksey"]
[Result "1-0"]
[WhiteTitle "GM"]
[BlackTitle "GM"]
[WhiteElo "2698"]
[BlackElo "2604"]
[WhiteFideId "4115309"]
[BlackFideId "24109959"]
[EventDate "2014.08.30"]

1. e4 e6 2. d4 d5 3. Nd2 c5 4. Ngf3 cxd4 5. exd5 Qxd5 6. Bc4 Qd7 7. O-O Nc6 8.
Nb3 Nf6 9. Nbxd4 Nxd4 10. Nxd4 a6 11. Bg5 Bc5 12. Bxf6 gxf6 13. c3 O-O 14. Qg4+
Kh8 15. Rad1 Qe7 16. Rfe1 f5 17. Qf4 Qf6 18. Qc7 Ba7 19. Nf3 b5 20. Bf1 Bb8 21.
Qc5 Rg8 22. Ne5 Ra7 23. Nc6 Rc7 24. Qd6 Rxc6 25. Qxc6 Qh6 26. g3 f4 27. Qb6 fxg3
28. hxg3 1-0